Missing Word: 'K' in Every Category Quiz Stats

 Plays Quiz Updated Aug 3, 2017

Support Sporcle.
Go Orange.
Score 0/15 Timer 02:00
1 Play Today
Hint Missing Word % Correct
The Pot Calling the _____ BlackKettle
90.2%
_____ RiderKnight
88%
I _____ Why the Caged Bird SingsKnow
86.7%
Yom _____Kippur
82.1%
Super Mario _____Kart
75.3%
Mama Said _____ You OutKnock
73.5%
_____ the ClownKrusty
66.6%
They Killed _____! - BadgeKenny
66.4%
Hint Missing Word % Correct
Hare _____ MovementKrishna
52.9%
Burj _____, United Arab EmiratesKhalifa
49.9%
_____ RougeKhmer
48.1%
_____: The Secret ServiceKingsman
46.4%
Döner _____Kebab
42%
_____'s Laws of Planetary MotionKepler
41.3%
FC Dynamo _____Kyiv
37.5%

Today's Daily Dose

You're not logged in!

Compare scores with friends on all Sporcle quizzes.
OR
Log In
Forgot?

From the Vault

Geography Bunker III

by oracleofireland

Look out! It's time for another Geography Bunker!
Remove Ads.
Support Sporcle.
Get the best of Sporcle when you Go Orange. This ad-free experience offers more features, more stats, and more fun while also helping to support Sporcle. Thank you for becoming a member.

Show Comments

Extras

Top Quizzes Today


Score Distribution

Your Account Isn't Verified!

In order to create a playlist on Sporcle, you need to verify the email address you used during registration. Go to your Sporcle Settings to finish the process.

Report this User

Report this user for behavior that violates our Community Guidelines.

Details: